[Event "RUS-ch Eurasia Cup op"]
[Site "Ekaterinburg"]
[Date "2018.08.10"]
[Round "9"]
[White "Kharitonov, Egor1111"]
[Black "Vazhenin, Alexei"]
[Result "1/2-1/2"]
[WhiteElo "1972"]
[BlackElo "2138"]
[PlyCount "104"]
[EventDate "2018.08.01"]
[EventType "swiss"]
[EventRounds "9"]
[EventCountry "RUS"]
[SourceTitle "CBM 185 Extra"]
[Source "ChessBase"]
[SourceDate "2018.07.29"]
[SourceVersion "1"]
[SourceVersionDate "2018.07.29"]
[SourceQuality "1"]

1. d4 Nf6 2. c4 g6 3. Nc3 Bg7 4. e4 d6 5. f3 0-0 6. Be3 Nbd7 7. Nge2 c5 8. Qd2 Re8 9. b3 a6 10. Rc1 Qa5 11. Nd5 Qxd2+ 12. Kxd2 Nxd5 13. cxd5 b6 14. g3 Bb7 15. Bh3 Nf8 16. Rhd1 e6 17. dxe6 Nxe6 18. d5 Nc7 19. b4 f5 20. Bg2 fxe4 21. fxe4 Bc8 22. Nf4 Bg4 23. Rf1 g5 24. Nd3 h6 25. h4 gxh4 26. gxh4 Nb5 27. bxc5 bxc5 28. Bf4 Rad8 29. Rg1 Kh8 30. Bh1 Bh5 31. Rg3 Re7 32. Re3 Bd4 33. Ree1 Kh7 34. e5 Bg6 35. a4 Na3 36. h5 Bf5 37. exd6 Rxe1 38. Rxe1 c4 39. Re7+ Kg8 40. Ne5 c3+ 41. Ke2 c2 42. d7 Bxe5 43. Re8+ Kf7 44. Rxe5 Bxd7 45. Bc1 Nc4 46. Re4 Re8 47. Rxe8 Bxe8 48. Kd3 Ne5+ 49. Kxc2 Bxa4+ 50. Kc3 Bd1 51. Kd4 Nd7 52. Bxh6 Bxh5 1/2-1/2

[Event "Samara Polugaevsky Memorial 7th"]
[Site "Samara"]
[Date "2017.07.13"]
[Round "6"]
[White "Vazhenin, Alexei"]
[Black "Severina, Maria"]
[Result "1-0"]
[WhiteElo "2144"]
[BlackElo "2232"]
[PlyCount "95"]
[EventDate "2017.07.08"]
[EventType "swiss"]
[EventRounds "9"]
[EventCountry "RUS"]
[SourceTitle "EXT 2018"]
[Source "ChessBase"]
[SourceDate "2017.10.13"]
[SourceVersion "1"]
[SourceVersionDate "2017.10.13"]
[SourceQuality "1"]

1. d4 d5 2. Nf3 Nf6 3. g3 c6 4. Bg2 Bf5 5. Nh4 Bg4 6. h3 Bh5 7. g4 Bg6 8. Nxg6 hxg6 9. c4 e6 10. Nc3 Bd6 11. e4 Nxe4 12. Nxe4 dxe4 13. Bxe4 e5 14. d5 cxd5 15. Bxd5 Nc6 16. Qf3 Qd7 17. Be3 Bb4+ 18. Kf1 f5 19. gxf5 gxf5 20. a3 Be7 21. b4 f4 22. b5 Nd8 23. Rd1 Qc7 24. Bc1 Nf7 25. Qg4 Bf6 26. Qe6+ Qe7 27. Qxe7+ Kxe7 28. Bxb7 Rad8 29. Kg2 Nd6 30. Bd5 Nf5 31. a4 Bh4 32. Rhe1 Kf6 33. Bb2 Rde8 34. Bc6 Re7 35. a5 Bxf2 36. Kxf2 Rxh3 37. Ba1 g5 38. b6 axb6 39. axb6 g4 40. b7 Rh8 41. Rxe5 Rxe5 42. Rd5 g3+ 43. Kg1 f3 44. Bxe5+ Kf7 45. Bxg3 Nxg3 46. Kf2 Ne4+ 47. Kxf3 Nf6 48. Ra5 1-0

[Event "Samara Polugaevsky Memorial 6th"]
[Site "Samara"]
[Date "2016.07.09"]
[Round "7"]
[White "Vazhenin, Alexei"]
[Black "Sogoyan, Andranik Sacha"]
[Result "0-1"]
[WhiteElo "2173"]
[BlackElo "2037"]
[PlyCount "100"]
[EventDate "2016.07.03"]
[EventType "swiss"]
[EventRounds "9"]
[EventCountry "RUS"]
[SourceTitle "EXT 2019"]
[Source "ChessBase"]
[SourceDate "2018.10.10"]
[SourceVersion "1"]
[SourceVersionDate "2018.10.10"]
[SourceQuality "1"]

1. d4 Nf6 2. Nf3 e6 3. g3 b6 4. Bg2 Bb7 5. 0-0 c5 6. e3 Be7 7. b3 0-0 8. Bb2 Qc7 9. c4 Rd8 10. Nc3 d5 11. Qe2 Nc6 12. cxd5 exd5 13. Rac1 Nb4 14. Nb5 Qd7 15. Ne5 Qc8 16. a3 Nc6 17. Nxc6 Qxc6 18. Nc3 Qe6 19. Rfd1 Rac8 20. Qf1 Ne4 21. Bh3 f5 22. Ne2 c4 23. bxc4 dxc4 24. Nf4 Qf7 25. Rc2 c3 26. Bc1 Bd6 27. Qb5 Bxf4 28. exf4 Nd6 29. Qe5 Qb3 30. Bxf5 Nxf5 31. Qxf5 Rf8 32. Qd3 Ba6 33. Qxa6 Qxc2 34. Qf1 Rfe8 35. Be3 Qb3 36. h4 Qxa3 37. Ra1 Qe7 38. h5 h6 39. Qd3 Red8 40. Rc1 Qb4 41. Qf5 Qc4 42. Qg4 Rc6 43. f5 b5 44. Qe4 b4 45. Qe7 Rdc8 46. Bf4 b3 47. Rxc3 Qxc3 48. Be5 Qc1+ 49. Kg2 Qg5 50. f6 gxf6 0-1

[Event "Samara Polugaevsky Memorial 6th"]
[Site "Samara"]
[Date "2016.07.03"]
[Round "1"]
[White "Vazhenin, Alexei"]
[Black "Lysokon, Polina"]
[Result "1-0"]
[WhiteElo "2173"]
[BlackElo "1488"]
[PlyCount "59"]
[EventDate "2016.07.03"]
[EventType "swiss"]
[EventRounds "9"]
[EventCountry "RUS"]
[SourceTitle "EXT 2019"]
[Source "ChessBase"]
[SourceDate "2018.10.10"]
[SourceVersion "1"]
[SourceVersionDate "2018.10.10"]
[SourceQuality "1"]

1. d4 Nf6 2. c4 e6 3. Nf3 b6 4. a3 Bb7 5. Nc3 Be7 6. Qc2 d5 7. cxd5 Nxd5 8. e4 Nf6 9. Bd3 Nc6 10. 0-0 Nd7 11. e5 Nf8 12. Be3 h6 13. Rfd1 Bg5 14. d5 exd5 15. Bb5 Bxe3 16. Nxd5 Bxf2+ 17. Kxf2 Nd7 18. Bxc6 Bxc6 19. Qxc6 Rc8 20. e6 0-0 21. Qxd7 Kh8 22. Qxd8 Rfxd8 23. exf7 Rf8 24. Ne5 Kh7 25. Kg1 c6 26. Ne7 Rc7 27. N7xc6 g6 28. Rd8 Rcxf7 29. Nxf7 Rxd8 30. Ncxd8 1-0

[Event "Perm op 08"]
[Site "Perm"]
[Date "2008.08.16"]
[Round "7"]
[White "Vazhenin, Alexei"]
[Black "Terentjev, Vladislav"]
[Result "0-1"]
[WhiteElo "2168"]
[BlackElo "2069"]
[PlyCount "56"]
[EventDate "2008.08.09"]
[EventType "swiss"]
[EventRounds "8"]
[EventCountry "RUS"]
[SourceTitle "EXT 2022"]
[Source "ChessBase"]
[SourceDate "2021.10.06"]
[SourceVersion "1"]
[SourceVersionDate "2021.10.06"]
[SourceQuality "1"]

1. d4 c5 2. d5 g6 3. c4 Bg7 4. Qc2 Nf6 5. Nc3 d6 6. e4 0-0 7. Bd3 e6 8. Nge2 exd5 9. cxd5 a6 10. a4 Qc7 11. b3 Re8 12. h3 Nbd7 13. f4 Nb6 14. a5 Nbd7 15. 0-0 b5 16. axb6 Nxb6 17. Kh1 Qb7 18. Bb2 Bd7 19. Ra5 Rec8 20. Nd1 c4 21. bxc4 Nxc4 22. Bxc4 Qb4 23. Qc3 Qxc4 24. Qxc4 Rxc4 25. e5 Ne4 26. Ne3 Rb4 27. Ba3 Rb3 28. Nc4 Bb5 0-1

[Event "Perm op 01"]
[Site "Perm"]
[Date "2008.01.28"]
[Round "8"]
[White "Zamorin, Nikolai"]
[Black "Vazhenin, Alexei"]
[Result "1/2-1/2"]
[WhiteElo "1969"]
[BlackElo "2160"]
[PlyCount "37"]
[EventDate "2008.01.16"]
[EventType "swiss"]
[EventRounds "9"]
[EventCountry "RUS"]
[SourceTitle "EXT 2022"]
[Source "ChessBase"]
[SourceDate "2021.10.06"]
[SourceVersion "1"]
[SourceVersionDate "2021.10.06"]
[SourceQuality "1"]

1. d4 Nf6 2. Nf3 c5 3. d5 e6 4. Nc3 d6 5. e4 e5 6. Bb5+ Nfd7 7. a4 Be7 8. 0-0 0-0 9. Be3 Na6 10. Qd2 Nc7 11. Be2 Rb8 12. Ne1 a6 13. a5 b5 14. axb6 Rxb6 15. Ra2 h6 16. g3 Bg5 17. Ng2 Bxe3 18. Nxe3 Nf6 19. Re1 1/2-1/2

[Event "Perm op 01"]
[Site "Perm"]
[Date "2008.01.24"]
[Round "6"]
[White "Vazhenin, Alexei"]
[Black "Liang, Vladimir"]
[Result "1/2-1/2"]
[WhiteElo "2160"]
[BlackElo "2152"]
[PlyCount "49"]
[EventDate "2008.01.16"]
[EventType "swiss"]
[EventRounds "9"]
[EventCountry "RUS"]
[SourceTitle "EXT 2022"]
[Source "ChessBase"]
[SourceDate "2021.10.06"]
[SourceVersion "1"]
[SourceVersionDate "2021.10.06"]
[SourceQuality "1"]

1. e4 e5 2. Nf3 Nc6 3. Bb5 Nf6 4. d3 Bc5 5. 0-0 d6 6. Nc3 0-0 7. Na4 Bb6 8. c3 Ne7 9. Nxb6 axb6 10. Re1 c6 11. Bc4 Ng6 12. h3 h6 13. Bb3 Re8 14. Bc2 d5 15. d4 Nxe4 16. dxe5 f6 17. exf6 Qxf6 18. Qd4 Qf7 19. Bxe4 dxe4 20. Rxe4 Bxh3 21. Rxe8+ Rxe8 22. Be3 Be6 23. Ne5 Nxe5 24. Qxe5 Bd5 25. Qh2 1/2-1/2

[Event "Perm op 01"]
[Site "Perm"]
[Date "2008.01.23"]
[Round "7"]
[White "Vazhenin, Alexei"]
[Black "Loskutov, Sergey"]
[Result "1-0"]
[WhiteElo "2160"]
[BlackElo "2186"]
[PlyCount "43"]
[EventDate "2008.01.16"]
[EventType "swiss"]
[EventRounds "9"]
[EventCountry "RUS"]
[SourceTitle "EXT 2022"]
[Source "ChessBase"]
[SourceDate "2021.10.06"]
[SourceVersion "1"]
[SourceVersionDate "2021.10.06"]
[SourceQuality "1"]

1. e4 e5 2. Nf3 Nf6 3. Nxe5 d6 4. Nc4 Nxe4 5. Nc3 Ng5 6. d4 d5 7. Ne5 Ne6 8. Qf3 f6 9. Qh5+ g6 10. Nxg6 hxg6 11. Qxh8 Nxd4 12. Bd3 Bf5 13. 0-0 Bxd3 14. cxd3 Kf7 15. Bh6 Ne6 16. Qh7+ Ng7 17. Ne2 Nc6 18. Nf4 Ne7 19. Rfe1 Qd7 20. Rxe7+ Qxe7 21. Nxg6 Qd6 22. Re1 1-0

[Event "Perm AVGRT op"]
[Site "Perm"]
[Date "2006.08.06"]
[Round "4"]
[White "Skoriupin, Sergey"]
[Black "Vazhenin, Alexei"]
[Result "1/2-1/2"]
[WhiteElo "2318"]
[BlackElo "2139"]
[PlyCount "50"]
[EventDate "2006.08.03"]
[EventType "swiss"]
[EventRounds "9"]
[EventCountry "RUS"]
[SourceTitle "EXT 2008"]
[Source "ChessBase"]
[SourceDate "2007.11.25"]
[SourceVersion "1"]
[SourceVersionDate "2007.11.25"]
[SourceQuality "1"]

1. e4 e5 2. Nf3 Nc6 3. d4 exd4 4. Nxd4 Bc5 5. Nxc6 Qf6 6. Qd2 dxc6 7. Nc3 Bd4 8. Bd3 Ne7 9. 0-0 Ng6 10. Ne2 Bxb2 11. Bxb2 Qxb2 12. Qe3 0-0 13. Ng3 Qb6 14. Qg5 h6 15. Qd2 c5 16. Qc3 Qd6 17. Kh1 Qd4 18. Qb3 Qb4 19. f4 Qxb3 20. axb3 b6 21. e5 Bb7 22. Rae1 Nh4 23. Re2 Rad8 24. Kg1 Rfe8 25. Nh5 Rd4 1/2-1/2

[Event "Perm AVGRT op"]
[Site "Perm"]
[Date "2006.08.05"]
[Round "3"]
[White "Zamorin, Nikolai"]
[Black "Vazhenin, Alexei"]
[Result "0-1"]
[WhiteElo "1991"]
[BlackElo "2139"]
[PlyCount "58"]
[EventDate "2006.08.03"]
[EventType "swiss"]
[EventRounds "9"]
[EventCountry "RUS"]
[SourceTitle "EXT 2008"]
[Source "ChessBase"]
[SourceDate "2007.11.25"]
[SourceVersion "1"]
[SourceVersionDate "2007.11.25"]
[SourceQuality "1"]

1. d4 Nf6 2. c4 g6 3. Nc3 Bg7 4. e4 d6 5. f3 0-0 6. Be3 b6 7. Qd2 c5 8. Nge2 Na6 9. Ng3 Nc7 10. Be2 a6 11. 0-0 Rb8 12. Rad1 cxd4 13. Bxd4 Ne6 14. Be3 Qe8 15. f4 Nc5 16. b4 Na4 17. Nd5 Nxd5 18. exd5 Nc3 19. Rde1 Qa4 20. Bd4 Qxb4 21. Bxg7 Kxg7 22. Qd4+ Kg8 23. Bf3 Rb7 24. Kh1 Rc7 25. a3 Rxc4 26. Qd3 Qc5 27. Rxe7 Rd4 28. Qe3 Nxd5 29. Bxd5 Rxd5 0-1